| Поле | Инд. | ПП | Название | Значение |
|---|---|---|---|---|
| Тип записи | a | |||
| Библиографический уровень | m | |||
| 001 | Контрольный номер | 00cbf8e066744a0594d685a9f2870810 | ||
| 005 | Дата корректировки | 20221227110809.2 | ||
| 020 | a | ISBN | 978-5-4396-2420-1 | |
| 040 | a | Служба первич. каталог. | НБ ТвГУ | |
| b | Код языка каталог. | rus | ||
| e | Правила каталог. | PSBO | ||
| 041 | 0_ | a | Код языка текста | rus |
| 080 | a | Индекс УДК | 343.2/.7(075.8) | |
| 084 | a | Индекс другой классификации/Индекс ББК | Х408.1я73-1 | |
| 090 | a | Полочн. индекс | Х408 | |
| x | Авторский знак | У 26 | ||
| 097 | b | Оператор | Semenova.ZR | |
| 245 | 10 | a | Заглавие | Уголовное право |
| b | Продолж. заглавия | учебник : в двух частях | ||
| c | Ответственность | под редакцией Е. В. Благова, А. В. Иванчина | ||
| p | Название части/ раздела | Особенная часть | ||
| 260 | c | Дата издания | 2022 | |
| a | Место издания | Москва | ||
| b | Издательство | Юрлитинформ | ||
| 300 | a | Объем | 423 с. | |
| 440 | _0 | a | Серия | Уголовное право |
| 520 | 0_ | a | Аннотация | В соответствии с программой раскрываются основные вопросы курса Особенной части уголовного права. Отличием является то, что она анализируется, прежде всего, с позиций юридической техники и дифференциации ответственности. В частности, именно этим объясняется обособление в отдельные параграфы учебника материала о квалифицирующих признаках преступлений как основном средстве дифференциации уголовной ответственности. Предназначено изучающим уголовное право. Может быть полезно повышающим квалификацию юристам и всем интересующимся юриспруденцией. Положения Уголовного кодекса Российской Федерации приводятся в редакции Федерального закона от 28.06.2022 № 203-ФЗ. |
| 653 | 0_ | a | Ключевые слова | Уголовное право России |
| a | Ключевые слова | Российская Федерация | ||
| a | Ключевые слова | Особенная часть уголовного права | ||
| a | Ключевые слова | Учебники для вузов | ||
| 700 | 12 | a | Другие авторы | Благов Е. В. |
| 700 | 12 | a | Другие авторы | Бражник С. Д. |
| 700 | 12 | a | Другие авторы | Дрепелев А. С. |
| 700 | 12 | a | Другие авторы | Ершов С. А. |
| 700 | 12 | a | Другие авторы | Иванчин А. В. |
| 901 | t | Тип документа | m | |
| 920 | a | Оператор | Семен | |
| a | Оператор | Суха | ||
| a | Оператор | Стро | ||
| 930 | a | Новая/Ретро | новая | |
| 952 | c | Вид литературы | К ру | |
| 954 | b | Дата поступления в ОК | 20221208 | |
| a | Дата поступления на обработку | 20221219 | ||
| c | Дата окончания ОНО | 20221227 |